<?xml version="1.0" encoding="UTF-8"?>
<record
    xmlns:xsi="http://www.w3.org/2001/XMLSchema-instance"
    xsi:schemaLocation="http://www.loc.gov/MARC21/slim http://www.loc.gov/standards/marcxml/schema/MARC21slim.xsd"
    xmlns="http://www.loc.gov/MARC21/slim">

  <leader>01018nam a2200313 a 4500</leader>
  <controlfield tag="001">C01526894c-8</controlfield>
  <controlfield tag="003">CO-ViMGA</controlfield>
  <controlfield tag="005">20230915234403.0</controlfield>
  <controlfield tag="008">160527s2016    ck     gr     00010 spa d</controlfield>
  <datafield tag="020" ind1=" " ind2=" ">
    <subfield code="a">9584244779</subfield>
  </datafield>
  <datafield tag="020" ind1=" " ind2=" ">
    <subfield code="a">9789584244772</subfield>
  </datafield>
  <datafield tag="040" ind1=" " ind2=" ">
    <subfield code="a">CO-ViMGA</subfield>
    <subfield code="b">spa</subfield>
    <subfield code="c">CO-ViMGA</subfield>
  </datafield>
  <datafield tag="041" ind1="1" ind2=" ">
    <subfield code="h">eng</subfield>
  </datafield>
  <datafield tag="082" ind1="0" ind2="4">
    <subfield code="a">823.91 </subfield>
    <subfield code="b">H19c3 </subfield>
    <subfield code="2">19</subfield>
  </datafield>
  <datafield tag="100" ind1="1" ind2=" ">
    <subfield code="a">Hawkins, Paula, </subfield>
    <subfield code="d">1972-</subfield>
    <subfield code="9">7681</subfield>
  </datafield>
  <datafield tag="245" ind1="1" ind2="3">
    <subfield code="a">La chica del tren / </subfield>
    <subfield code="c">Paula Hawkins ; traducci&#xF3;n de Aleix Montoto.</subfield>
  </datafield>
  <datafield tag="250" ind1=" " ind2=" ">
    <subfield code="a">S&#xE9;ptima edici&#xF3;n.</subfield>
  </datafield>
  <datafield tag="260" ind1=" " ind2=" ">
    <subfield code="a">Bogot&#xE1; : </subfield>
    <subfield code="b">Editorial Planeta Colombiana, </subfield>
    <subfield code="c">2016.</subfield>
  </datafield>
  <datafield tag="300" ind1=" " ind2=" ">
    <subfield code="a">493 p&#xE1;ginas ; </subfield>
    <subfield code="c">22 cm.</subfield>
  </datafield>
  <datafield tag="490" ind1="1" ind2=" ">
    <subfield code="a">Planeta internacional</subfield>
  </datafield>
  <datafield tag="534" ind1=" " ind2=" ">
    <subfield code="p">T&#xED;tulo original : </subfield>
    <subfield code="t">The girl on the train.</subfield>
  </datafield>
  <datafield tag="650" ind1="1" ind2="4">
    <subfield code="a">Extranjeros</subfield>
    <subfield code="v"> Novela.</subfield>
    <subfield code="9">7684</subfield>
  </datafield>
  <datafield tag="650" ind1="1" ind2="4">
    <subfield code="a">Novela inglesa.</subfield>
    <subfield code="9">1291</subfield>
  </datafield>
  <datafield tag="650" ind1="1" ind2="4">
    <subfield code="a">Viajeros</subfield>
    <subfield code="v"> Novela.</subfield>
    <subfield code="9">7683</subfield>
  </datafield>
  <datafield tag="650" ind1="1" ind2="4">
    <subfield code="a">Viajes en tren</subfield>
    <subfield code="v"> Novela.</subfield>
    <subfield code="9">7682</subfield>
  </datafield>
  <datafield tag="651" ind1=" " ind2="4">
    <subfield code="a">Londres (Inglaterra)</subfield>
    <subfield code="x"> Descripci&#xF3;n</subfield>
    <subfield code="v"> Novela.</subfield>
    <subfield code="9">7685</subfield>
  </datafield>
  <datafield tag="700" ind1="1" ind2=" ">
    <subfield code="a">Montoto, Aleix, </subfield>
    <subfield code="e">traductor.</subfield>
    <subfield code="9">7686</subfield>
  </datafield>
  <datafield tag="942" ind1=" " ind2=" ">
    <subfield code="2">ddc</subfield>
    <subfield code="c">BK</subfield>
  </datafield>
  <datafield tag="999" ind1=" " ind2=" ">
    <subfield code="c">11743</subfield>
    <subfield code="d">11743</subfield>
  </datafield>
  <datafield tag="952" ind1=" " ind2=" ">
    <subfield code="0">0</subfield>
    <subfield code="1">0</subfield>
    <subfield code="2">ddc</subfield>
    <subfield code="4">0</subfield>
    <subfield code="7">0</subfield>
    <subfield code="8">001</subfield>
    <subfield code="a">MEVIGACOM</subfield>
    <subfield code="b">MEVIGACOM</subfield>
    <subfield code="d">2017-02-28</subfield>
    <subfield code="l">0</subfield>
    <subfield code="o">823.91 H19c3 </subfield>
    <subfield code="p">031466</subfield>
    <subfield code="r">2017-02-28 00:00:00</subfield>
    <subfield code="t">Ej. 2</subfield>
    <subfield code="w">2017-02-28</subfield>
    <subfield code="y">BK</subfield>
  </datafield>
  <datafield tag="952" ind1=" " ind2=" ">
    <subfield code="0">0</subfield>
    <subfield code="1">0</subfield>
    <subfield code="2">ddc</subfield>
    <subfield code="4">0</subfield>
    <subfield code="7">0</subfield>
    <subfield code="8">003</subfield>
    <subfield code="a">MEVIECAR</subfield>
    <subfield code="b">MEVIECAR</subfield>
    <subfield code="d">2017-02-28</subfield>
    <subfield code="l">22</subfield>
    <subfield code="m">6</subfield>
    <subfield code="o">823.91 H19c3 </subfield>
    <subfield code="p">031465</subfield>
    <subfield code="r">2022-11-01 00:00:00</subfield>
    <subfield code="s">2022-10-18</subfield>
    <subfield code="t">Ej- 1</subfield>
    <subfield code="w">2017-02-28</subfield>
    <subfield code="y">BK</subfield>
  </datafield>
  <datafield tag="952" ind1=" " ind2=" ">
    <subfield code="0">0</subfield>
    <subfield code="1">0</subfield>
    <subfield code="4">0</subfield>
    <subfield code="7">0</subfield>
    <subfield code="8">012</subfield>
    <subfield code="a">MEVIGERR</subfield>
    <subfield code="b">MEVIGERR</subfield>
    <subfield code="c">LIT</subfield>
    <subfield code="d">2020-02-18</subfield>
    <subfield code="l">2</subfield>
    <subfield code="m">1</subfield>
    <subfield code="o">N HAW3ch</subfield>
    <subfield code="p">ECA1311</subfield>
    <subfield code="q">2026-03-21</subfield>
    <subfield code="r">2026-01-21 18:17:11</subfield>
    <subfield code="s">2026-01-21</subfield>
    <subfield code="t">Ej.1</subfield>
    <subfield code="w">2024-11-26</subfield>
    <subfield code="y">BK</subfield>
    <subfield code="z">20568 | 26523</subfield>
  </datafield>
</record>
